Operačný audit po roku ...

Pod pojmom operačný audit sa v odbornej literatúre uvádza: overenie podnikových účtovných predpisov a ich súlad s legislatívou. V priemyselnej praxi je pojem audit rozvinutý takmer do všetkých oblastí, najmä však do oblasti účtovníctva, kvality a environmentálneho manažérstva. Operačný audit sa zame...

Descrizione completa

Salvato in:
Dettagli Bibliografici
Autore principale: Botka, Milan
Altri autori: Packo, Peter
Natura: Capitolo di libro
Lingua:slovacco
Soggetti:
Tags: Aggiungi Tag
Nessun Tag, puoi essere il primo ad aggiungerne!!

MARC

LEADER 00000naa$a2200000$$$4500
001 0033891
005 20231018133209.1
041 0 |a slo 
044 |a SK 
245 1 0 |a Operačný audit po roku ...  |c Milan Botka, Peter Packo 
520 |a Pod pojmom operačný audit sa v odbornej literatúre uvádza: overenie podnikových účtovných predpisov a ich súlad s legislatívou. V priemyselnej praxi je pojem audit rozvinutý takmer do všetkých oblastí, najmä však do oblasti účtovníctva, kvality a environmentálneho manažérstva. Operačný audit sa zameriava na hospodárnosť, produktivitu a konkurenčnú schopnosť celého podniku. Operačný audit a jeho ciele. Využívané metódy zberu údajov pre realizáciu definovaných cieľov. Priebeh operačného auditu. Úspory a ich realizácia. Výstupy operačného auditu. 
610 2 0 |a audit 
610 2 0 |a podnik výrobný 
610 2 0 |a SEZ Krompachy, a.s. 
610 2 0 |a hospodárnosť 
610 2 0 |a produktivita 
610 2 0 |a konkurencieschopnosť 
610 2 0 |a opatrenia 
610 2 0 |a audítori 
100 1 |a Botka, Milan 
700 1 |a Packo, Peter